000 00830nas a2200241 4500
001 BR6008694
003 BR-BrBNA
005 20231205082117.0
007 ta
008 230509b bl.|||p| |||| 00| 00por d
040 _aBR-BrBNA
_bpor
_cBiblioteca Nacional de Agricultura
041 _a(Pt)
072 _aS10
100 1 _aTango, J.S.
111 1 _aSimposio sobre Comercializacao do Cafe
_cSao Paulo, SP (Brazil)
_d29 Sep 1971
245 1 _aUtilizacao industrial do cafe e dos seus sub produtos [Coffea arabica; Analise de alimento]
650 _aComposicao de alimento
650 _aCafe
650 _aAnalise de alimento
773 0 _tBoletim do Instituto de Tecnologia de Alimentos (Brazil)
_xISSN 0366-0281
_g(Dec 1971), (no. 28) p. 49-73
_wBR6008694
909 _a202311
_bLúcia
_c55
_dLúcia Elande
942 _2AGRIS
_n0
_cANA
999 _c89223
_d89223